Normal view
MARC view
Entry Uniform Title
001 - CONTROL NUMBER
- control field: 38971
003 - CONTROL NUMBER IDENTIFIER
- control field: dpl
005 - DATE AND TIME OF LATEST TRANSACTION
- control field: 20120111163331.0
008 - FIXED-LENGTH DATA ELEMENTS
- fixed length control field: 120111|||a|||||| | ||| d
040 ## - CATALOGING SOURCE
- Original cataloging agency: dpl
- Transcribing agency: dpl
130 ## - HEADING--UNIFORM TITLE
- Uniform title: Deltora Quest 1:4
670 ## - SOURCE DATA FOUND
- Source citation: Work cat.: (dpl)59234: Rodda, Emily 38970, The shifting sands /, 2007(repr.).
670 ## - SOURCE DATA FOUND
- Source citation: Work cat.: (dpl)59234: Rodda, Emily 38970, The shifting sands /, 2007(repr.).
